000
00302nam a22001337a 4500
008
181105b xxu||||| |||| 00| 0 eng d
020
_a
9781457664366
041
_a
eng
080
_2
5 TH
_a
370
100
_a
49
101
_a
EDU
245
_a
Real Essays With Reading
_c
Anker.s
942
_2
udc
_c
BK
999
_c
51800
_d
51800